000 00545nam a22001815i 4500
001 68634
003 ES-MaACL
005 20250805064135.0
007 t|
008 960812q1895 fr ||||1| fre d
100 1 _aGautier, Théophile,
_d1811-1872
_9170960
245 1 0 _aVoyage en Russie /
_cThéophile Gautier.
260 _aParis :
_bG. Charpentier,
_c[1895?] (
_fImp. E. Capiomont et V. Renault)
300 _a417 p. ;
_c18 cm.
651 4 _aRusia-
_xDescripción.
_99329
852 _aES-MaACL
_jG-14466
999 _c68634
_d68634